000 00258nam a22001097a 4500
008 170119b xxu||||| |||| 00| 0 eng d
020 _a9780803611795
041 _aeng
080 _29TH
_a618.2
245 _aNURSE'S POCKET GUIDE
_cDOENGES, M.E
942 _2udc
_cBK
999 _c3165
_d3165